| 000 | 00778nam a2200181 a 4500 | ||
|---|---|---|---|
| 001 | 000005039 | ||
| 005 | 20250607073643.0 | ||
| 008 | 090729s1982 dr ab 000 0 spa d | ||
| 040 |
_aDO-SdBNP _bspa _cBNPHU |
||
| 082 |
_axxxx _bR426s |
||
| 110 | 1 |
_aRepública Dominicana. _b Secretaria de Estado de Salud Pública y Asistencia Social (2001) _956549 |
|
| 245 | 1 | 0 |
_aSalud pública : _bcuatro años de gobierno (1978-1982) / _cprólogo José Rodríguez Soldevilla. |
| 260 |
_aSanto Domingo : _bSESPAS, _c1982. |
||
| 300 |
_a263 p. : _bil., map. ; _c25 cm. |
||
| 650 | 4 |
_aSalud pública _zRepública Dominicana _92078 |
|
| 700 | 1 |
_aRodríguez Soldevilla, José _epról. _913909 |
|
| 710 | 1 |
_aRepública Dominicana. _b Secretaria de Estado de Salud Pública y Asistencia Social (2001) _956549 |
|
| 999 |
_c4844 _d4844 |
||